| 000 | 00941cam a2200313 i 4500 | ||
|---|---|---|---|
| 001 | 200462692 | ||
| 003 | TR-AnTOB | ||
| 005 | 20250620074107.0 | ||
| 007 | ta | ||
| 008 | 230305t20212021tu a 000 0 tur d | ||
| 020 | _a9786051856957 | ||
| 040 |
_aDLC _beng _erda _cDLC _dTR-AnTOB |
||
| 041 | 0 | _atur | |
| 050 | 0 | 0 |
_aPL248.K85 _bT357 2021 |
| 090 |
_aPL248.K85 _bT357 2021 |
||
| 100 | 1 |
_aKulin, Ayşe, _d1941- _eauthor _9117132 |
|
| 245 | 1 | 0 |
_aTaksiii / _cAyşe Kulin. |
| 250 | _a1. Basım: Aralık 2021 | ||
| 264 | 1 |
_aİstanbul : _bEverest Yayınları, _c2021. |
|
| 264 | 4 | _c©2021 | |
| 300 |
_a120 pages : _billustrations ; _c20 cm |
||
| 336 |
_atext _btxt _2rdacontent |
||
| 337 |
_aunmediated _bn _2rdamedia |
||
| 338 |
_avolume _bnc _2rdacarrier |
||
| 490 | 0 |
_aTürkçe Edebiyat ; _v885 _aEverest Yayınları Yayın No ; _v2120 |
|
| 650 | 7 |
_aKısa hikayeler, Türk _2etuturkob _948475 |
|
| 942 |
_2lcc _cBK |
||
| 999 |
_c200462692 _d80904 |
||